000 00528cam a2200217ua 4500
001 7467
005 20260515114221.0
008 141211n ii |||gr||||Z||||||ben
040 _cMAIN
041 _aben
082 _a294.5
100 _aGhosh,P.,
_eAuthor.
245 1 _aAloukik noy, loukik :
_b3rd. vol. /
_cBy Prabir Ghosh .
250 _a1st.
260 _aCalcutta:
_bDey,
_c1992.
300 _a384p.
653 _aReligions ofIndic origin
653 _aHindusim
700 _aGhosh, Pinaki,
_eAuthor.
942 _cBK
999 _c6585
_d6585